<?xml version="1.0" encoding="UTF-8"?>
<record
    xmlns:xsi="http://www.w3.org/2001/XMLSchema-instance"
    xsi:schemaLocation="http://www.loc.gov/MARC21/slim http://www.loc.gov/standards/marcxml/schema/MARC21slim.xsd"
    xmlns="http://www.loc.gov/MARC21/slim">

  <leader>00361    a2200109   4500</leader>
  <datafield tag="082" ind1=" " ind2=" ">
    <subfield code="a">BEE-5</subfield>
  </datafield>
  <datafield tag="100" ind1=" " ind2=" ">
    <subfield code="a">Afroze Ibrahim Baqapuri</subfield>
    <subfield code="9">92470</subfield>
  </datafield>
  <datafield tag="245" ind1=" " ind2=" ">
    <subfield code="a">Twitter Sentiment Analysis</subfield>
    <subfield code="c">Afroze Ibrahim Baqapuri</subfield>
  </datafield>
  <datafield tag="500" ind1=" " ind2=" ">
    <subfield code="a">Supervisors: Dr. Muhammad Usman Ilyas, Dr. Ali Mustafa Qamar</subfield>
  </datafield>
  <datafield tag="856" ind1=" " ind2=" ">
    <subfield code="u">http://10.250.8.41:8080/xmlui/handle/123456789/9632</subfield>
  </datafield>
  <datafield tag="942" ind1=" " ind2=" ">
    <subfield code="2">ddc</subfield>
    <subfield code="c">PR</subfield>
  </datafield>
  <datafield tag="999" ind1=" " ind2=" ">
    <subfield code="c">11286</subfield>
    <subfield code="d">11286</subfield>
  </datafield>
  <datafield tag="952" ind1=" " ind2=" ">
    <subfield code="0">2</subfield>
    <subfield code="1">0</subfield>
    <subfield code="4">0</subfield>
    <subfield code="7">0</subfield>
    <subfield code="a">CL</subfield>
    <subfield code="b">CL</subfield>
    <subfield code="d">2022-07-04</subfield>
    <subfield code="o">BEE-5 MAE</subfield>
    <subfield code="p">SEECSP01111</subfield>
    <subfield code="r">2014-11-05</subfield>
    <subfield code="w">2012-11-14</subfield>
    <subfield code="y">PR</subfield>
  </datafield>
</record>
